Countries by Two Words - Hard - Statistics

General Stats
  • This quiz has been taken 20 times
  • The average score is 8 of 15
Answer Stats
Words Country % Correct
Kiwi, Native New Zealand
94%
Myanmar, Kyrgyzstan China
88%
Magma, Arctic Iceland
82%
Bergen, North Norway
71%
French, Gibraltar Morocco
65%
Canton, Convention Switzerland
59%
Bear, Slave Canada
53%
Urmia, Caspian Iran
53%
Rainbow, Penguin South Africa
53%
Bahia, River Brazil
41%
Cocoa, Volta Ghana
41%
Pirate, Star Somalia
41%
Belgium, Conference Germany
35%
Mary, Balkan Turkmenistan
35%
Black, Theft Romania
29%
No matching quizzes found
Score Distribution
Percent of People with Each Score
Percentile by Number Answered
Your Score History
You have not taken this quiz